[Event "Buenos Aires Masters op"]
[Site "Buenos Aires"]
[Date "2023.06.18"]
[Round "5"]
[White "Moccero, Eduardo"]
[Black "Nascimbene, Ramiro"]
[Result "0-1"]
[WhiteElo "1815"]
[BlackElo "1753"]
[PlyCount "60"]
[EventDate "2023.06.14"]
[EventType "swiss"]
[EventRounds "9"]
[EventCountry "ARG"]
[SourceTitle "CBM 215 Extra"]
[Source "ChessBase"]
[SourceDate "2023.09.30"]
[SourceVersion "1"]
[SourceVersionDate "2023.09.30"]
[SourceQuality "1"]

1. d4 d5 2. Nf3 Nf6 3. e3 e6 4. Bd3 Be7 5. Nbd2 0-0 6. 0-0 Nbd7 7. e4 dxe4 8. Nxe4 b6 9. Qe2 Bb7 10. Nxf6+ Nxf6 11. c3 Qd5 12. Bf4 c5 13. dxc5 Qxc5 14. Rfd1 Rad8 15. h3 Qc8 16. Be5 Qa8 17. Bc2 Bxf3 18. gxf3 Rxd1+ 19. Rxd1 Rd8 20. Rd4 Rxd4 21. cxd4 g6 22. Kg2 Nh5 23. Qe3 Qd8 24. Bb3 Bf6 25. Qe4 Bxe5 26. Qxe5 Qh4 27. Qb8+ Kg7 28. Qe5+ Kh6 29. Qe3+ Nf4+ 30. Kg1 g5 0-1

[Event "Buenos Aires Masters op"]
[Site "Buenos Aires"]
[Date "2023.06.14"]
[Round "1"]
[White "Moccero, Eduardo"]
[Black "Fuentes, Agustin"]
[Result "1/2-1/2"]
[WhiteElo "1815"]
[BlackElo "2098"]
[PlyCount "50"]
[EventDate "2023.06.14"]
[EventType "swiss"]
[EventRounds "9"]
[EventCountry "ARG"]
[SourceTitle "CBM 215 Extra"]
[Source "ChessBase"]
[SourceDate "2023.09.30"]
[SourceVersion "1"]
[SourceVersionDate "2023.09.30"]
[SourceQuality "1"]

1. d4 Nf6 2. Nf3 e6 3. e3 d5 4. Bd3 Bd6 5. Nbd2 Nbd7 6. 0-0 0-0 7. e4 dxe4 8. Nxe4 Nxe4 9. Bxe4 Nf6 10. Bd3 c5 11. dxc5 Bxc5 12. Bg5 Qc7 13. Qe2 b6 14. Rfe1 Bb7 15. Bxf6 gxf6 16. Be4 Bxe4 17. Qxe4 Rad8 18. Qh4 Qe7 19. c3 Rd3 20. b4 Bd6 21. Nd4 f5 22. Qh6 Qd8 23. Nc6 Qc7 24. Qg5+ Kh8 25. Qf6+ Kg8 1/2-1/2

[Event "Montevideo Duchamp Cup 6th"]
[Site "Montevideo"]
[Date "2023.02.11"]
[Round "9"]
[White "Moccero, Eduardo"]
[Black "Vassallo, Julio"]
[Result "1/2-1/2"]
[WhiteElo "1859"]
[BlackElo "1593"]
[PlyCount "54"]
[EventDate "2023.02.03"]
[EventType "swiss"]
[EventRounds "9"]
[EventCountry "URU"]
[SourceTitle "CBM 212 Extra"]
[Source "ChessBase"]
[SourceDate "2023.03.31"]
[SourceVersion "1"]
[SourceVersionDate "2023.03.31"]
[SourceQuality "1"]

1. d4 Nf6 2. Nf3 d6 3. c4 c5 4. dxc5 dxc5 5. Qxd8+ Kxd8 6. Nc3 Nc6 7. Bf4 a6 8. 0-0-0+ Bd7 9. e4 Nh5 10. Be3 e5 11. Nd5 Nf6 12. Nb6 Rb8 13. Bg5 Kc7 14. Bxf6 Kxb6 15. Bxe5 Rd8 16. Bc3 f6 17. Be2 Be7 18. h3 Be6 19. b3 Bf7 20. e5 fxe5 21. Nxe5 Bg5+ 22. Kb2 Nxe5 23. Bxe5 Rde8 24. Rd6+ Ka7 25. f4 Bxf4 26. Bxf4 Rxe2+ 27. Rd2 Rxd2+ 1/2-1/2

[Event "Rio de Janeiro Duchamp op 4th"]
[Site "Rio de Janeiro"]
[Date "2022.12.09"]
[Round "3"]
[White "Moccero, Eduardo"]
[Black "Pessoa, Vitor Henrique Leop"]
[Result "1/2-1/2"]
[WhiteElo "1870"]
[BlackElo "1358"]
[PlyCount "52"]
[EventDate "2022.12.07"]
[EventType "swiss"]
[EventRounds "9"]
[EventCountry "BRA"]
[SourceTitle "CBM 211 Extra"]
[Source "ChessBase"]
[SourceDate "2023.01.31"]
[SourceVersion "1"]
[SourceVersionDate "2023.01.31"]
[SourceQuality "1"]

1. d4 Nf6 2. Nf3 g6 3. c4 Bg7 4. Nc3 d5 5. e3 0-0 6. b3 c5 7. Be2 Nc6 8. 0-0 Bg4 9. cxd5 Nxd5 10. Bb2 Nxc3 11. Bxc3 Bxf3 12. Bxf3 cxd4 13. exd4 Bxd4 14. Bxd4 Nxd4 15. Bxb7 Rb8 16. Ba6 Qb6 17. Bc4 e5 18. Re1 Rfe8 19. Re4 Rbd8 20. Qg4 Kg7 21. Qg3 f6 22. h3 Qc5 23. a4 Qb6 24. Qe3 Rc8 25. Qd3 Rb8 26. Re3 Red8 1/2-1/2

[Event "Rio de Janeiro Duchamp op 4th"]
[Site "Rio de Janeiro"]
[Date "2022.12.07"]
[Round "1"]
[White "Alonso, Salvador"]
[Black "Moccero, Eduardo"]
[Result "1-0"]
[WhiteElo "2471"]
[BlackElo "1870"]
[PlyCount "81"]
[EventDate "2022.12.07"]
[EventType "swiss"]
[EventRounds "9"]
[EventCountry "BRA"]
[SourceTitle "CBM 211 Extra"]
[Source "ChessBase"]
[SourceDate "2023.01.31"]
[SourceVersion "1"]
[SourceVersionDate "2023.01.31"]
[SourceQuality "1"]

1. e4 d5 2. exd5 Qxd5 3. Nc3 Qa5 4. d4 Nf6 5. Nf3 Bf5 6. Bd2 e6 7. Bc4 c6 8. Qe2 Nbd7 9. d5 cxd5 10. Nxd5 Qd8 11. Nxf6+ gxf6 12. 0-0-0 Qc7 13. Nd4 Bg6 14. Rhe1 0-0-0 15. Nb5 Qb6 16. Bf4 e5 17. Be3 Bc5 18. Nd6+ Kb8 19. Nxf7 Bxe3+ 20. fxe3 Bxf7 21. Bxf7 Nc5 22. Bc4 Rc8 23. e4 Na4 24. Bb3 Nc5 25. Kb1 Nxb3 26. axb3 Rhd8 27. Rd5 Rxd5 28. exd5 Rd8 29. Rd1 Qd6 30. g4 e4 31. Qxe4 Qxh2 32. Rh1 Qf2 33. Rd1 Qg3 34. Rd3 Qh2 35. c4 Rd6 36. Qe8+ Kc7 37. Qe7+ Kc8 38. Rd1 Qf4 39. c5 Rd7 40. Qe8+ Rd8 41. Qe6+ 1-0

[Event "Montevideo Duchamp Cup 4th"]
[Site "Montevideo"]
[Date "2020.02.12"]
[Round "6"]
[White "Moccero, Eduardo"]
[Black "Vazquez, Facundo"]
[Result "0-1"]
[WhiteElo "1926"]
[BlackElo "2155"]
[PlyCount "64"]
[EventDate "2020.02.08"]
[EventType "swiss"]
[EventRounds "9"]
[EventCountry "URU"]
[SourceTitle "CBM 194 Extra"]
[Source "ChessBase"]
[SourceDate "2020.03.31"]
[SourceVersion "1"]
[SourceVersionDate "2020.03.31"]
[SourceQuality "1"]

1. d4 Nf6 2. Nf3 g6 3. c4 Bg7 4. Nc3 0-0 5. e3 d6 6. Be2 Nbd7 7. 0-0 e5 8. b4 Re8 9. Qc2 a5 10. b5 e4 11. Nd2 Qe7 12. Nd5 Nxd5 13. cxd5 Nb6 14. Bc4 a4 15. Re1 Bf5 16. Ba3 Qd7 17. Rac1 h5 18. Bb4 g5 19. Nf1 Bg6 20. a3 Re7 21. Qd2 f5 22. Rc3 Bh6 23. Rec1 f4 24. exf4 gxf4 25. Ba2 Rc8 26. Ba5 Qxb5 27. Bxb6 Qxb6 28. Rb1 e3 29. Rxb6 exd2 30. Nxd2 Re1+ 31. Nf1 Bd3 32. h3 Rxf1+ 0-1

[Event "American Continental 15th"]
[Site "Sao Paulo"]
[Date "2019.07.12"]
[Round "10"]
[White "Bueno, Alfeu Varela Jr"]
[Black "Moccero, Eduardo"]
[Result "1/2-1/2"]
[WhiteElo "2169"]
[BlackElo "1933"]
[PlyCount "28"]
[EventDate "2019.07.05"]
[EventType "swiss"]
[EventRounds "11"]
[EventCountry "BRA"]
[SourceTitle "CBM 191 Extra"]
[Source "ChessBase"]
[SourceDate "2019.09.30"]
[SourceVersion "1"]
[SourceVersionDate "2019.09.30"]
[SourceQuality "1"]

1. e4 Nc6 2. Bc4 Nf6 3. Nc3 g6 4. f4 d6 5. Nf3 Bg7 6. Qe2 e5 7. d3 0-0 8. Be3 exf4 9. Bxf4 Na5 10. Bb3 Nxb3 11. axb3 Bd7 12. 0-0 Bc6 13. Bg5 Qd7 14. Nd4 Nxe4 1/2-1/2

[Event "American Continental 15th"]
[Site "Sao Paulo"]
[Date "2019.07.09"]
[Round "7"]
[White "Feller, Gabriela Luisa Vice"]
[Black "Moccero, Eduardo"]
[Result "1/2-1/2"]
[WhiteElo "1710"]
[BlackElo "1933"]
[PlyCount "106"]
[EventDate "2019.07.05"]
[EventType "swiss"]
[EventRounds "11"]
[EventCountry "BRA"]
[SourceTitle "CBM 191 Extra"]
[Source "ChessBase"]
[SourceDate "2019.09.30"]
[SourceVersion "1"]
[SourceVersionDate "2019.09.30"]
[SourceQuality "1"]

1. e4 Nc6 2. Nf3 d5 3. exd5 Qxd5 4. Nc3 Qf5 5. Bb5 Qe6+ 6. Be2 Nf6 7. 0-0 g6 8. Re1 Bg7 9. d4 Qd6 10. Nb5 Qd8 11. d5 Nb4 12. c4 0-0 13. Bf4 Na6 14. Qb3 Bd7 15. Rad1 Bxb5 16. Qxb5 Qc8 17. c5 Nxd5 18. c6 bxc6 19. Qxa6 Nxf4 20. Qxc6 Nxe2+ 21. Rxe2 Rd8 22. Rxd8+ Qxd8 23. b3 Qd1+ 24. Re1 Rd8 25. Qxc7 Qd7 26. Qc5 Bf6 27. h3 Rc8 28. Qe3 Rc2 29. Ne5 Qc7 30. Ng4 Rxa2 31. Nxf6+ exf6 32. Qh6 Qd8 33. h4 Ra5 34. g4 Re5 35. Rc1 Qd7 36. Qf4 Kg7 37. Kg2 Qb7+ 38. Qf3 Qxf3+ 39. Kxf3 Rb5 40. Rc3 Rb4 41. Kg3 a5 42. f3 h6 43. Rc5 g5 44. h5 Rxb3 45. Rxa5 Rb4 46. Rf5 Ra4 47. Rb5 Rf4 48. Rf5 Rxf5 49. gxf5 Kf8 50. Kf2 Ke7 51. Ke3 Kd7 52. Kd3 Kc6 53. Kc4 Kd6 1/2-1/2

[Event "American Continental 15th"]
[Site "Sao Paulo"]
[Date "2019.07.07"]
[Round "3"]
[White "Andreata, Mauro Antonio"]
[Black "Moccero, Eduardo"]
[Result "1/2-1/2"]
[WhiteElo "1648"]
[BlackElo "1933"]
[PlyCount "59"]
[EventDate "2019.07.05"]
[EventType "swiss"]
[EventRounds "11"]
[EventCountry "BRA"]
[SourceTitle "CBM 191 Extra"]
[Source "ChessBase"]
[SourceDate "2019.09.30"]
[SourceVersion "1"]
[SourceVersionDate "2019.09.30"]
[SourceQuality "1"]

1. d4 d5 2. c4 e6 3. Nf3 c5 4. Nc3 Nc6 5. e3 Nf6 6. Bd3 cxd4 7. exd4 Be7 8. 0-0 0-0 9. a3 b6 10. Bg5 h6 11. Bh4 Ba6 12. cxd5 Bxd3 13. Qxd3 Nxd5 14. Bxe7 Ncxe7 15. Rac1 Nf5 16. Nxd5 Qxd5 17. Rc7 Rfd8 18. Rd1 Qd6 19. Qc4 Rd7 20. Rxd7 Qxd7 21. Ne5 Qd6 22. h3 Rd8 23. Nf3 Rd7 24. g4 Rc7 25. Qa4 Qf4 26. Kg2 Nd6 27. Qb3 Qe4 28. d5 exd5 29. Rxd5 Qc4 30. Qd1 1/2-1/2

[Event "American Continental 15th"]
[Site "Sao Paulo"]
[Date "2019.07.07"]
[Round "4"]
[White "Moccero, Eduardo"]
[Black "Fiaes, Mario Henrique"]
[Result "0-1"]
[WhiteElo "1933"]
[BlackElo "2173"]
[PlyCount "92"]
[EventDate "2019.07.05"]
[EventType "swiss"]
[EventRounds "11"]
[EventCountry "BRA"]
[SourceTitle "CBM 191 Extra"]
[Source "ChessBase"]
[SourceDate "2019.09.30"]
[SourceVersion "1"]
[SourceVersionDate "2019.09.30"]
[SourceQuality "1"]

1. d4 Nf6 2. Nf3 e6 3. Nbd2 c5 4. c3 d5 5. e3 Nc6 6. Bd3 Bd6 7. 0-0 0-0 8. dxc5 Bxc5 9. e4 Qc7 10. Qe2 Re8 11. Bc2 dxe4 12. Nxe4 Be7 13. Bg5 Nxe4 14. Qxe4 f5 15. Qe2 e5 16. Bb3+ Kh8 17. Bxe7 Qxe7 18. Rad1 e4 19. Nd4 Ne5 20. Rfe1 Ng4 21. f3 Nf6 22. fxe4 fxe4 23. h3 Bd7 24. Qe3 Rac8 25. Ne2 Rc5 26. Ng3 b6 27. Rd4 Re5 28. Red1 Qc5 29. Kh1 Qc8 30. Kh2 Qc7 31. Kh1 Qc8 32. Kh2 h6 33. Rc4 Qb8 34. Kh1 Rg5 35. Nxe4 Rge5 36. Rxd7 Nxd7 37. Bc2 Nc5 38. Qf3 Rf8 39. Qe2 Qe8 40. b4 Nxe4 41. Rxe4 Rxe4 42. Bxe4 Qe5 43. Qd3 Qf4 44. Bf3 Re8 45. Qd1 Qg3 46. Be2 Qxc3 0-1

[Event "American Continental 15th"]
[Site "Sao Paulo"]
[Date "2019.07.05"]
[Round "1"]
[White "De Borba, Guilherme"]
[Black "Moccero, Eduardo"]
[Result "1/2-1/2"]
[WhiteElo "2330"]
[BlackElo "1933"]
[PlyCount "102"]
[EventDate "2019.07.05"]
[EventType "swiss"]
[EventRounds "11"]
[EventCountry "BRA"]
[SourceTitle "CBM 191 Extra"]
[Source "ChessBase"]
[SourceDate "2019.09.30"]
[SourceVersion "1"]
[SourceVersionDate "2019.09.30"]
[SourceQuality "1"]

1. e4 d5 2. exd5 Qxd5 3. Nc3 Qa5 4. d4 Nf6 5. Bc4 Bf5 6. Nge2 e6 7. 0-0 Be7 8. Ng3 Bg6 9. f4 c6 10. Qe2 Nh5 11. Nxh5 Qxh5 12. g4 Qh4 13. Re1 Nd7 14. Be3 Nf6 15. f5 exf5 16. Bf4 Ng8 17. d5 0-0-0 18. Qe3 Qxg4+ 19. Kh1 Bc5 20. Qxc5 Qxf4 21. Rf1 Qd6 22. Qxa7 f4 23. Na4 Be4+ 24. Kg1 Bxd5 25. Bxd5 cxd5 26. Rf3 Ne7 27. Rb3 Qg6+ 28. Kf1 Qa6+ 29. Qxa6 bxa6 30. Rb6 Kc7 31. Rxa6 Ra8 32. Rxa8 Rxa8 33. Nc3 Kc6 34. a4 Nf5 35. Kf2 g5 36. b4 g4 37. a5 g3+ 38. Kf3 Nd4+ 39. Kxf4 gxh2 40. Rh1 Nxc2 41. b5+ Kc5 42. b6 Nb4 43. Rxh2 Rxa5 44. b7 Nc6 45. Rxh7 Ra3 46. Ne2 Ra4+ 47. Ke3 Rb4 48. Rxf7 d4+ 49. Kd2 Nd8 50. Rc7+ Kd6 51. Rc4 Rxb7 1/2-1/2

[Event "Montevideo zt 2.5"]
[Site "Montevideo"]
[Date "2019.04.15"]
[Round "4"]
[White "Restuccia, Francisco"]
[Black "Moccero, Eduardo"]
[Result "1/2-1/2"]
[WhiteElo "2100"]
[BlackElo "1939"]
[PlyCount "55"]
[EventDate "2019.04.13"]
[EventType "swiss"]
[EventRounds "9"]
[EventCountry "URU"]
[SourceTitle "CBM 189 Extra"]
[Source "ChessBase"]
[SourceDate "2019.06.03"]
[SourceVersion "1"]
[SourceVersionDate "2019.06.03"]
[SourceQuality "1"]

1. e4 Nc6 2. d4 d5 3. Nc3 dxe4 4. d5 Ne5 5. Qh5 Ng6 6. Nxe4 Nf6 7. Nxf6+ exf6 8. Bb5+ Bd7 9. Qe2+ Be7 10. Nf3 0-0 11. 0-0 Re8 12. Qc4 a6 13. Bxd7 Qxd7 14. Be3 Ne5 15. Nxe5 fxe5 16. h3 Bd6 17. Qb3 b5 18. c4 bxc4 19. Qxc4 h6 20. Rac1 Qf5 21. Qg4 Qxg4 22. hxg4 Reb8 23. Rc2 Rb5 24. Rd1 Rab8 25. b3 Kf8 26. Kf1 Ke7 27. Ke2 Kd7 28. Kf3 1/2-1/2

[Event "Montevideo zt 2.5"]
[Site "Montevideo"]
[Date "2019.04.14"]
[Round "3"]
[White "Moccero, Eduardo"]
[Black "Carvalho, Guillermo"]
[Result "0-1"]
[WhiteElo "1939"]
[BlackElo "2194"]
[PlyCount "86"]
[EventDate "2019.04.13"]
[EventType "swiss"]
[EventRounds "9"]
[EventCountry "URU"]
[SourceTitle "CBM 189 Extra"]
[Source "ChessBase"]
[SourceDate "2019.06.03"]
[SourceVersion "1"]
[SourceVersionDate "2019.06.03"]
[SourceQuality "1"]

1. d4 Nf6 2. Nf3 g6 3. c4 Bg7 4. Nc3 d6 5. e3 0-0 6. Be2 c6 7. 0-0 a6 8. a4 a5 9. Bd2 Qc7 10. Qc2 Na6 11. Na2 e5 12. b4 axb4 13. Nxb4 Nxb4 14. Bxb4 Re8 15. dxe5 dxe5 16. Bc3 Bf5 17. Qb3 Ne4 18. Bb4 c5 19. Be1 Bd7 20. a5 Bc6 21. Rb1 Qe7 22. Nd2 Nd6 23. Bf3 e4 24. Be2 Nf5 25. Bg4 Nd6 26. g3 f5 27. Bh3 Nf7 28. Rc1 Ne5 29. Bg2 Nd3 30. Rc3 Bxc3 31. Qxc3 Qe5 32. Qxe5 Nxe5 33. Nb3 Nd3 34. Bc3 Red8 35. Rb1 Ba4 36. Nd2 Nb4 37. Ra1 Rxa5 38. Nb3 Bxb3 39. Rxa5 Rd1+ 40. Bf1 Bxc4 41. Rxc5 Bxf1 42. Rc8+ Kf7 43. Rc7+ Ke6 0-1

[Event "Montevideo zt 2.5"]
[Site "Montevideo"]
[Date "2019.04.13"]
[Round "1"]
[White "Moccero, Eduardo"]
[Black "Real de Azua, Ernesto"]
[Result "0-1"]
[WhiteElo "1939"]
[BlackElo "2474"]
[PlyCount "58"]
[EventDate "2019.04.13"]
[EventType "swiss"]
[EventRounds "9"]
[EventCountry "URU"]
[SourceTitle "CBM 189 Extra"]
[Source "ChessBase"]
[SourceDate "2019.06.03"]
[SourceVersion "1"]
[SourceVersionDate "2019.06.03"]
[SourceQuality "1"]

1. d4 Nf6 2. Nf3 g6 3. c4 Bg7 4. Nc3 0-0 5. Bf4 d6 6. h3 Nbd7 7. e3 b6 8. Be2 Bb7 9. 0-0 Ne4 10. Qc2 Nxc3 11. Qxc3 e5 12. Bh2 exd4 13. exd4 Qf6 14. Rad1 Rfe8 15. Qd2 Re7 16. Rfe1 Rae8 17. b3 Bh6 18. Qxh6 Bxf3 19. gxf3 Rxe2 20. Rxe2 Rxe2 21. Rd2 Rxd2 22. Qxd2 Qxf3 23. Qg5 Nf6 24. Bf4 Qd1+ 25. Kg2 Qxd4 26. Be3 Qe4+ 27. Kg1 Qe5 28. Qg2 Ne4 29. Bh6 f5 0-1

[Event "Montevideo Duchamp Cup 3rd"]
[Site "Montevideo"]
[Date "2019.02.09"]
[Round "1"]
[White "Moccero, Eduardo"]
[Black "Bossi, Hugo"]
[Result "1-0"]
[WhiteElo "1950"]
[BlackElo "1326"]
[PlyCount "43"]
[EventDate "2019.02.09"]
[EventType "swiss"]
[EventRounds "9"]
[EventCountry "URU"]
[SourceTitle "CBM 188 Extra"]
[Source "ChessBase"]
[SourceDate "2019.02.26"]
[SourceVersion "1"]
[SourceVersionDate "2019.02.26"]
[SourceQuality "1"]

1. d4 Nf6 2. Nf3 g6 3. c4 Bg7 4. Nc3 0-0 5. h3 d6 6. Bf4 Nbd7 7. e3 c5 8. Be2 a6 9. 0-0 Re8 10. a3 Qc7 11. d5 Nf8 12. e4 N6d7 13. Rb1 Ne5 14. Qd2 Bd7 15. Rfc1 f5 16. Bh6 Nf7 17. Bxg7 Kxg7 18. b4 Ne5 19. bxc5 Nxf3+ 20. Bxf3 dxc5 21. Qb2 Rab8 22. Nb5+ 1-0

[Event "Rio de Janeiro Duchamp op 2nd"]
[Site "Rio de Janeiro"]
[Date "2018.11.16"]
[Round "3"]
[White "Moccero, Eduardo"]
[Black "Lima, Darcy Gustavo Macha"]
[Result "0-1"]
[WhiteElo "1945"]
[BlackElo "2550"]
[PlyCount "54"]
[EventDate "2018.11.14"]
[EventType "swiss"]
[EventRounds "9"]
[EventCountry "BRA"]
[SourceTitle "CBM 187 Extra"]
[Source "ChessBase"]
[SourceDate "2018.11.04"]
[SourceVersion "1"]
[SourceVersionDate "2018.11.04"]
[SourceQuality "1"]

1. d4 Nf6 2. Nf3 g6 3. c4 Bg7 4. Nc3 d6 5. Bf4 0-0 6. h3 c6 7. e3 a6 8. Be2 b5 9. cxb5 axb5 10. a3 Nbd7 11. 0-0 Nb6 12. Qc2 Bd7 13. Nd2 Qb8 14. Bf3 Rc8 15. Rac1 Ra7 16. Bg3 c5 17. dxc5 Rxc5 18. Nb3 Rc8 19. Rfd1 Na4 20. Qd2 Nxc3 21. Rxc3 Rxc3 22. Qxc3 Ne4 23. Qc2 Nxg3 24. fxg3 Be5 25. g4 b4 26. axb4 Ba4 27. Rd3 Qxb4 0-1

[Event "American Continental 14th"]
[Site "Montevideo"]
[Date "2018.06.07"]
[Round "8"]
[White "Moccero, Eduardo"]
[Black "Ferrari, Carlos"]
[Result "1-0"]
[WhiteElo "1970"]
[BlackElo "1703"]
[PlyCount "91"]
[EventDate "2018.06.01"]
[EventType "swiss"]
[EventRounds "11"]
[EventCountry "URU"]
[SourceTitle "CBM 184 Extra"]
[Source "ChessBase"]
[SourceDate "2018.06.28"]
[SourceVersion "1"]
[SourceVersionDate "2018.06.28"]
[SourceQuality "1"]

1. d4 d5 2. Nf3 c6 3. e3 Nf6 4. c4 e6 5. Nc3 a6 6. Qc2 dxc4 7. Bxc4 b5 8. Be2 Bb7 9. 0-0 Nbd7 10. a3 Rc8 11. b4 Be7 12. Ne4 Nd5 13. Nc5 Nxc5 14. dxc5 0-0 15. Rd1 Qc7 16. Bd3 h6 17. Bb2 Rcd8 18. Be5 Qc8 19. Rd2 f6 20. Bb2 Qc7 21. Rad1 a5 22. Qb3 axb4 23. axb4 Bc8 24. g3 Qb7 25. Nh4 f5 26. Ng6 Rfe8 27. Ne5 Bf6 28. e4 fxe4 29. Bxe4 Qc7 30. f4 Ne7 31. Rd6 Nd5 32. Rxc6 Qb7 33. Rb6 Qa8 34. Rxb5 Qa6 35. Ra5 Qe2 36. Bf3 Qe3+ 37. Qxe3 Nxe3 38. Rxd8 Rxd8 39. Kf2 Nf5 40. Bc1 Kh7 41. b5 Nd4 42. Be4+ Kg8 43. Be3 Nb3 44. Ra8 Rf8 45. Ke2 Be7 46. Ng6 1-0

[Event "American Continental 14th"]
[Site "Montevideo"]
[Date "2018.06.05"]
[Round "6"]
[White "Moccero, Eduardo"]
[Black "Maestro, Esteban"]
[Result "0-1"]
[WhiteElo "1970"]
[BlackElo "1444"]
[PlyCount "88"]
[EventDate "2018.06.01"]
[EventType "swiss"]
[EventRounds "11"]
[EventCountry "URU"]
[SourceTitle "CBM 184 Extra"]
[Source "ChessBase"]
[SourceDate "2018.06.28"]
[SourceVersion "1"]
[SourceVersionDate "2018.06.28"]
[SourceQuality "1"]

1. d4 Nf6 2. Nf3 e6 3. e3 d5 4. Bd3 c5 5. c3 Nc6 6. Nbd2 Bd6 7. 0-0 0-0 8. dxc5 Bxc5 9. e4 Qc7 10. Qe2 h6 11. h3 e5 12. exd5 Nxd5 13. Ne4 Bb6 14. Bc2 Be6 15. Ng3 Nde7 16. Be3 Bxe3 17. Qxe3 Nd5 18. Qd2 Nf4 19. Qe3 f5 20. Ne2 Nxe2+ 21. Qxe2 e4 22. Rfe1 Qf7 23. Nd2 Rae8 24. Bb3 Ne5 25. Bxe6 Qxe6 26. b3 Nd3 27. Rf1 Qg6 28. f4 Qg3 29. Nc4 Nxf4 30. Rxf4 Qxf4 31. Rf1 Qc7 32. Qf2 b5 33. Ne3 f4 34. Nd5 Qc8 35. Qxa7 Rf7 36. Qd4 f3 37. Ne3 Ref8 38. g4 h5 39. Qxe4 hxg4 40. hxg4 Qc5 41. Qd4 Qc7 42. Qd5 Qg3+ 43. Kh1 Qh3+ 44. Kg1 f2+ 0-1

[Event "American Continental 14th"]
[Site "Montevideo"]
[Date "2018.06.04"]
[Round "5"]
[White "Curi, Gabriel"]
[Black "Moccero, Eduardo"]
[Result "1-0"]
[WhiteElo "2141"]
[BlackElo "1970"]
[PlyCount "73"]
[EventDate "2018.06.01"]
[EventType "swiss"]
[EventRounds "11"]
[EventCountry "URU"]
[SourceTitle "CBM 184 Extra"]
[Source "ChessBase"]
[SourceDate "2018.06.28"]
[SourceVersion "1"]
[SourceVersionDate "2018.06.28"]
[SourceQuality "1"]

1. d4 d5 2. c4 dxc4 3. e3 a6 4. Bxc4 e6 5. Nf3 Nf6 6. Qe2 b5 7. Bd3 Bb7 8. e4 Be7 9. 0-0 0-0 10. a4 b4 11. Nbd2 a5 12. e5 Nd5 13. Qe4 g6 14. Qg4 Ba6 15. Bxa6 Rxa6 16. Ne4 f5 17. exf6 Nxf6 18. Nxf6+ Bxf6 19. Bh6 Bg7 20. Bxg7 Kxg7 21. Rac1 Rf5 22. Rfe1 Rd6 23. h4 Nc6 24. Rc4 h6 25. Rec1 Qe8 26. Qe4 Rfd5 27. g3 Kh8 28. Kh2 e5 29. Rxc6 Rxc6 30. Rxc6 Qxc6 31. Nxe5 Qa8 32. Qxg6 Rxe5 33. Qxh6+ Kg8 34. Qg6+ Kh8 35. Qf6+ Kh7 36. Qf7+ Kh6 37. dxe5 1-0

[Event "American Continental 14th"]
[Site "Montevideo"]
[Date "2018.06.02"]
[Round "2"]
[White "Moccero, Eduardo"]
[Black "Cardozo, Camila"]
[Result "1-0"]
[WhiteElo "1970"]
[BlackElo "1586"]
[PlyCount "65"]
[EventDate "2018.06.01"]
[EventType "swiss"]
[EventRounds "11"]
[EventCountry "URU"]
[SourceTitle "CBM 184 Extra"]
[Source "ChessBase"]
[SourceDate "2018.06.28"]
[SourceVersion "1"]
[SourceVersionDate "2018.06.28"]
[SourceQuality "1"]

1. d4 Nf6 2. Nf3 e6 3. e3 d5 4. Bd3 c5 5. c3 Be7 6. Nbd2 0-0 7. 0-0 Nc6 8. dxc5 Bxc5 9. Qe2 e5 10. e4 d4 11. Nb3 Bb6 12. Bg5 Bg4 13. Rac1 dxc3 14. Rxc3 Nd4 15. Nbxd4 Bxd4 16. Rc2 Qb6 17. h3 Bh5 18. g4 Nxg4 19. Nxd4 exd4 20. hxg4 Qg6 21. f4 Bxg4 22. Qxg4 h6 23. Rc5 f6 24. Rf3 fxg5 25. fxg5 Rxf3 26. Qxf3 Qb6 27. Rb5 Qc6 28. gxh6 Qc1+ 29. Kh2 Qxh6+ 30. Rh5 Qd2+ 31. Kh3 Qb4 32. e5 Qe7 33. Bc4+ 1-0

[Event "Montevideo Duchamp Cup 2nd"]
[Site "Montevideo"]
[Date "2018.02.07"]
[Round "8"]
[White "Moccero, Eduardo"]
[Black "Malan, Lucia"]
[Result "1-0"]
[WhiteElo "1980"]
[BlackElo "1697"]
[PlyCount "73"]
[EventDate "2018.02.02"]
[EventType "swiss"]
[EventRounds "9"]
[EventCountry "URU"]
[SourceTitle "CBM 182 Extra"]
[Source "ChessBase"]
[SourceDate "2018.02.23"]
[SourceVersion "1"]
[SourceVersionDate "2018.02.23"]
[SourceQuality "1"]

1. d4 Nf6 2. Nf3 g6 3. c4 Bg7 4. Nc3 0-0 5. h3 d6 6. Bf4 Nbd7 7. e3 a6 8. Be2 Qe8 9. 0-0 e5 10. Bg3 exd4 11. Nxd4 Nc5 12. Nd5 Nxd5 13. cxd5 Ne4 14. Bh2 Bd7 15. Rc1 Rc8 16. b4 Qe7 17. Qd3 Rfe8 18. Bf3 Ng5 19. Bd1 h5 20. a4 h4 21. b5 axb5 22. axb5 Nxh3+ 23. gxh3 Bxh3 24. Nf3 Bxf1 25. Kxf1 Ra8 26. Qc4 Rec8 27. Nxh4 Qf6 28. Nf3 Ra1 29. Rxa1 Qxa1 30. Ke2 Qb2+ 31. Bc2 Bc3 32. Kd3 Ra8 33. Nd2 Ra3 34. Nb3 Bf6 35. Bg3 Qc1 36. Ke2 Ra2 37. Nxc1 1-0

[Event "Montevideo Duchamp Cup 2nd"]
[Site "Montevideo"]
[Date "2018.02.05"]
[Round "6"]
[White "Moccero, Eduardo"]
[Black "Suarez, Pedro Martin"]
[Result "1/2-1/2"]
[WhiteElo "1980"]
[BlackElo "1798"]
[PlyCount "45"]
[EventDate "2018.02.02"]
[EventType "swiss"]
[EventRounds "9"]
[EventCountry "URU"]
[SourceTitle "CBM 182 Extra"]
[Source "ChessBase"]
[SourceDate "2018.02.23"]
[SourceVersion "1"]
[SourceVersionDate "2018.02.23"]
[SourceQuality "1"]

1. d4 Nf6 2. Nf3 e6 3. Nbd2 c5 4. c3 Nc6 5. e3 d5 6. Bd3 Be7 7. 0-0 Nd7 8. e4 cxd4 9. cxd4 0-0 10. e5 f5 11. exf6 Bxf6 12. Nb3 e5 13. dxe5 Ndxe5 14. Be2 Nc4 15. Qc2 Nb4 16. Qd1 Be6 17. Nbd4 Bf7 18. b3 Ne5 19. Ba3 Nxf3+ 20. Bxf3 Bxd4 21. Bxb4 Bxa1 22. Bxf8 Kxf8 23. Qxa1 1/2-1/2

[Event "Montevideo Duchamp Cup 2nd"]
[Site "Montevideo"]
[Date "2018.02.04"]
[Round "5"]
[White "Muniz, Rafael"]
[Black "Moccero, Eduardo"]
[Result "1-0"]
[WhiteElo "2281"]
[BlackElo "1980"]
[PlyCount "41"]
[EventDate "2018.02.02"]
[EventType "swiss"]
[EventRounds "9"]
[EventCountry "URU"]
[SourceTitle "CBM 182 Extra"]
[Source "ChessBase"]
[SourceDate "2018.02.23"]
[SourceVersion "1"]
[SourceVersionDate "2018.02.23"]
[SourceQuality "1"]

1. e4 Nc6 2. d4 d5 3. e5 Bf5 4. c3 e6 5. Nf3 f6 6. Bb5 Nge7 7. Bf4 Qd7 8. 0-0 0-0-0 9. Nbd2 Ng6 10. Bg3 h5 11. h4 Be7 12. Re1 Kb8 13. a4 fxe5 14. dxe5 a6 15. Nd4 Bxh4 16. Bxh4 Nxh4 17. Bxc6 bxc6 18. N2b3 Ka8 19. Qe2 Qc8 20. Nxc6 Rd6 21. exd6 1-0